00773cam a22002291 4500001001300000003000400013005001700017008004100034010001700075035001900092040004500111042001200156050002100168110003600189245002900225260006800254300002300322490009300345650004700438710004100485999001700526e 28000654 DLC20260227111218.0810202s1928 vau 000 0 eng c ae 28000654  a(OCoLC)7098148 aLibrary, U.S. Bur. of EducationcVidDLC apremarc00aLB2529b.V8 19281 aVirginia.kLaws, statutes, etc.10aVirginia school laws ... aRichmond,bD. Bottom, superintendent of public printing,c1928. avii, 66 p.c23 cm.0 a[Virginia] State Board of Education. Bulletin.vvol. 10, no. 4. June, 1928. Suppl. no. 3 0aEducational law and legislationzVirginia.1 aVirginia.bState Board of Education. c20942d20942